000 00386nam a22001577a 4500
005 20251108175838.0
008 250721s9999 xx 000 0 eng d
082 1 4 _aJ/F/HAG
100 1 _aHAGGARD, H.RIDER
245 1 0 _aKING SOLOMONS MINES /
264 1 _aNEW DELHI :
_bCHAND & COMPANY LTD,
300 _a164P.
650 1 7 _aENGLISH FICTION
942 _2ddc
_cBK
999 _c143816
_d143816